Ideas para Chile: aportes de la Centroizquierda

Saved in:
Bibliografiske detaljer
Hovedforfatter: Hardy, Clarisa (Author)
Format: Bog
Sprog:spansk
Udgivet: Santiago Lom 2010
Udgivelse:1a. ed
Serier:Colección Ciencias Humanas
Fag:
Tags: Tilføj Tag
Ingen Tags, Vær først til at tagge denne postø!

MARC

LEADER 00000nam a2200000 a 4500
001 UCG2420
003 CL-VaPUC
008 100708e20100000CL |||||||||||||||||spa|d
020 |a 9789560001535 
082 0 4 |a 320.983  |b HAR  |2 21 
100 |a Hardy, Clarisa  |e author  |9 551650 
245 1 0 |a Ideas para Chile: aportes de la Centroizquierda 
250 |a 1a. ed 
300 |a 346 p 
942 |c BK 
945 |d 20100708 00:00:00  |a dcastane 
260 |a Santiago  |b Lom  |c 2010 
500 |a Prólogo de Michelle Bachelet Jeria 
650 0 |a Derechos humanos  |9 223025 
650 0 |a Derechos fundamentales   |9 254841 
650 0 |a Ideologías políticas   |9 255735 
583 |a last modification  |c 20100708 00:00:00  |k Rodrigo Vera 
490 0 |a Colección Ciencias Humanas 
999 |c 341635  |d 341633 
952 |0 0  |1 0  |4 0  |6 320_983000000000000_HAR_2010  |7 0  |8 A  |9 437269  |a BIBHIS  |b BIBHIS  |d 2019-11-22  |i 4689291  |o 320.983 HAR 2010  |p 4689291  |r 2025-01-20  |w 2019-11-22  |y BK  |k HIS 
952 |0 0  |1 0  |4 0  |6 320_983000000000000_HAR_2010  |7 0  |8 A  |9 437270  |a BIBHIS  |b BIBHIS  |d 2019-11-22  |i 4763750  |o 320.983 HAR 2010  |p 4763750  |r 2025-01-20  |w 2019-11-22  |y BK  |k HIS